000
00251nam a22001097a 4500
082
_a
658.001 BRI'S
100
_a
BRIGGS, G. W
_9
80476
245
_a
STUDIES IN MANAGEMENT TECHNIQUES
260
_a
LONDON
_b
GEE & CO
_c
1953
300
_a
203P
942
_c
BK
999
_c
585402
_d
585402